Largest Cities in the Maldives - Statistics

General Stats
  • This quiz has been taken 77 times
  • The average score is 2 of 10
Answer Stats
Population City Name % Correct
103,693 Malé
100%
11,140 Fuvahmulah
24%
9,927 Hithadhoo
24%
5,000 Hulhumale
24%
6,376 Thinadhoo
18%
9,500 Kulhudhuffushi
10%
5,044 Naifaru
9%
2,925 Viligili
7%
2,900 Funadhoo
6%
3,039 Dhidhdhoo
1%
No matching quizzes found
Score Distribution
Percent of People with Each Score
Percentile by Number Answered
Your Score History
You have not taken this quiz